00493nam a2200193 a 4500001001300000003000900013005001700022008004100039020000800080082001800088100002400106245003000130260003400160300000900194500003500203505001000238650002700248700002400275nice12345678IN_TiNIC20260116011322.0050524s1893 oxfa grp 000 0 eng  ac000a954.0258bLAN aLane-Poole, Stanley aRulers of India-Aurangzeb aOxfordbClarendon Pressc1893 a212p aincludes index and biblioraphy2 aIndex aMughal India-Aurangzeb1 aLane-Poole, Stanley